000 00966cam a2200265 a 4500
999 _c9975
_d9975
001 9975
003 BD-JhCC
005 20180729100907.0
008 180403d19991999ctuar 0 0eng c
035 _a(OCoLC)ocm39917533
_a(BD-JhCC)9975
040 _aCSf
_cCSf
_dNIIC
_dMCM
_dDLC
_dN
_dWaU
_dDLC
_dInU
_dDLC
_dOCoLC
_dBD-JhCC
041 _aeng
050 0 0 _aAG243
_b.G87
082 0 4 _a032
_bGUI 1998
245 1 4 _aThe Guinness book of records 1994 /
_cGuinness Publishing
260 _a[Stamford, Conn.] :
_bGuinness Pub.,
_cc1998.
300 _a310 p. :
_bcol. ill. ;
_c31 cm.
580 _aIssued in numerous other editions (e.g., English language ed. for 1999 published in 40 countries; with another 37 eds. in foreign languages), including the original London ed.
650 0 _aWorld records
_vPeriodicals.
650 0 _aCuriosities and wonders
_vPeriodicals.
710 _aGuinness Publishing
942 _2ddc
_cREF